000 00307nam a22001337a 4500
008 181006b xxu||||| |||| 00| 0 eng d
020 _a0397542305
041 _aeng
080 _22nd
_a615
100 _a5
101 _aSHF
245 _aPharmacology and Drug Therapy in Nursing
_cRodman
942 _2udc
_cBK
999 _c48960
_d48960